|
|
|
|
| LEADER |
00000nam0a2200000 4500 |
| 001 |
223971 |
| 005 |
20231101230547.0 |
| 010 |
|
|
|a 5648005903
|
| 035 |
|
|
|a (RuTPU)RU\TPU\book\244245
|
| 090 |
|
|
|a 223971
|
| 100 |
|
|
|a 20121017d1990 km y0rusy50 ca
|
| 101 |
0 |
|
|a rus
|
| 102 |
|
|
|a UZ
|
| 105 |
|
|
|a y z 001zy
|
| 200 |
1 |
|
|a Республика Афганистан : опыт и тенденции развития
|f Академия наук Узбекской ССР, Институт востоковедения ; под ред. М. А. Бабаходжаева
|
| 210 |
|
|
|a Ташкент
|c Фан
|d 1990
|
| 215 |
|
|
|a 140 с.
|
| 320 |
|
|
|a Библиогр. в примеч.
|
| 606 |
1 |
|
|a Афганистан
|x Экономика
|2 stltpush
|3 (RuTPU)RU\TPU\subj\35862
|9 57426
|
| 610 |
1 |
|
|a развитие
|
| 610 |
1 |
|
|a экономическое развитие
|
| 610 |
1 |
|
|a культурные преобразования
|
| 610 |
1 |
|
|a советско-афганские отношения
|
| 610 |
1 |
|
|a экономическое сотрудничество
|
| 686 |
|
|
|a У9(5Аф)
|v LBC/SL-A
|2 rubbk
|
| 702 |
|
1 |
|a Бабаходжаев
|b М. А.
|4 340
|
| 712 |
0 |
2 |
|a Академия наук Узбекской ССР
|b Институт востоковедения
|2 stltpush
|3 (RuTPU)RU\TPU\col\18275
|9 26956
|
| 801 |
|
1 |
|a RU
|b 63413507
|c 20121017
|
| 801 |
|
2 |
|a RU
|b 63413507
|c 20190118
|g RCR
|
| 942 |
|
|
|c BK
|